Responses for show #3361 - Monday, March 29, 1999

1999 Celebrity Jeopardy! Sitcom Stars Night.

Contestants

Dave Foley, an actor from NewsRadio

Kathy Kinney, an actress from The Drew Carey Show

Wallace Langham, an actor from Veronica's Closet

Jeopardy! Round responses

INSECTS
BRAIN CANDY
CLASSIC TV
LIQUOR BY LABEL
(Alex: You have to tell us what type of liquor.)
"GO"ING
AROUND THE WORLD
    $100 9
her eggs

Kathy
    $100 7
Sherlock Holmes

Wallace
    $100 2
Telly Savalas

Kathy
    $100 1
bourbon

Dave
    $100 13
go-karts

Wallace
    $100 25
mountain

Dave
    $200 15
(Wallace: What is nose?)

feet

WallaceKathy
    $200 8
headaches

Dave
    $200 3
Bewitched

Wallace
    $200 20
vodka

Dave
    $200 14
goat

Triple Stumper
    $300 17
grasshoppers

Wallace
    $300 10
(Wallace: What is melon?)

gray matter

WallaceKathy
    $300 4
Mr. Spock

Dave
    $300 21
(Alex: Obviously, we have found your category!)
(Dave: I couldn't be more ashamed of myself right now!)
(Alex: Less than a minute to go.)

gin

Dave
    $300 16
"Goldfinger"

Dave
    $500 18
weevils

Wallace
    $400 11
(Wallace: What are synapses?)

brainstorming

WallaceKathy
    $400 5
M*A*S*H

Dave
    $400 22
rum

Wallace
    $400 24
gopher

Dave
    $500 19
flea

Wallace
    $500 12
mad cow disease

Kathy
    $500 6
Tiger

Wallace
    $500 23
tequila

Kathy
    $500 26
[buzzer sounds to end the round]
....
(Alex: Ya' didn't think Gomer came up in the Bible, did you?)

Gomer

Wallace

Scores at the first commercial break (after clue 14):

Wallace Kathy Dave
$200 $1,400 $1,000

Scores at the end of the Jeopardy! Round:

Wallace Kathy Dave
$2,200 $2,100 $2,300

Double Jeopardy! Round responses

SWITZERLAND
MUSICAL THEATRE
KATHY-GORY
FILM ANIMALS
(Alex: Tell us what type of animal.)
MAKEUP
(Alex: Or will one of those Daily Doubles appear in...)
"I" SHADOW
    $200 26
the Red Cross

Kathy
    $200 13
Titanic

Dave
    $200 12
Kathy Bates

Dave
    $200 4
dolphin

Wallace
    $200 1
mascara

Kathy
    $200 11
Julio Iglesias

Wallace
    $400 27
Swiss army knife

Dave
    $400 18
"Huckleberry Finn"

Wallace
    $400 14
Kathy Griffin

Kathy
    $400 5
ape

Kathy
    $400 2
rouge

Wallace
    $400 22
(Kathy: What is ice...Italian ice?)

ice cream

Kathy
    $600 28
Swiss cheese

Dave
    $2,000 19
Technicolor

Wallace
    $600 15
Kathy Najimy

Kathy
    $600 8
horse

Wallace
    $600 3
powder

Dave
    $600 23
insanity

Wallace
    $800 29
(Dave: What are the Alps?)
(Alex: You don't have to select the last clue, we'll show it to you anyway!)

the lowest point

Dave
Triple Stumper
    $800 20
"Comedy Tonight"

Wallace
    $800 16
Kathy Ireland

Dave
    $800 9
St. Bernard

Kathy
    $800 6
Bobbi Brown

Kathy
    $800 24
(Kathy: What is Immigration and Naturalization Services?)
(Alex: They don't necessarily provide services.)

Immigration and Naturalization Service

Kathy
Triple Stumper
    $1000 30
(Dave: What is Stockholm...no, that's Sweden!)

Zurich

Dave
Triple Stumper
    $1000 21
Gypsy

Kathy
    $2,000 17
(Dave: What is "Petticoat Junction"...I have no idea, don't mock me!)

Father Knows Best

Dave
    $1000 10
mouse

Dave
    $1000 7
pink

Triple Stumper
    $1000 25
"The Iliad"

Wallace

Scores at the end of the Double Jeopardy! Round:

Wallace Kathy Dave
$8,400 $6,100 $2,300

[wagering suggestions for these scores]

Final Jeopardy! Round responses

1999 ANNIVERSARIES
[Wallace's wager is shown as "$8400xx SMACKERS".]
(Alex: And the teeth were not made of wood, I'm informed.)
DaveWho Mozart
$2,300
KathyWho is George Washington
$6,000
WallaceWho is George Washington
$8,400
George Washington

Final scores:

Wallace Kathy Dave
$16,800 $12,100 $0
Winner: $16,800 for the Greenpeace Fund 2nd place: $12,100 for Project Angel Food 3rd place: $10,000 for "Shane's Inspiration"

Game dynamics:

Coryat scores:

Wallace Kathy Dave
$6,900 $6,100 $4,300
18 R
(including 2 DDs),
3 W
16 R,
1 W
16 R,
3 W
(including 1 DD)

Combined Coryat: $17,300

The J! Archive is created by fans, for fans. The Jeopardy! game show and all elements thereof, including but not limited to copyright and trademark thereto, are the property of Jeopardy Productions, Inc. and are protected under law. This website is not affiliated with, sponsored by, or operated by Jeopardy Productions, Inc. Join the discussion at JBoard.tv.